Cadavere squisito
Saved in:
| 主要作者: | |
|---|---|
| 格式: | 图书 |
| 语言: | Undetermined |
| 出版: |
Milano
Frassinelli
1997
|
| 标签: |
没有标签, 成为第一个标记此记录!
|
MARC
| LEADER | 00000nam a2200000Ia 4500 | ||
|---|---|---|---|
| 001 | 765 | ||
| 003 | NUMERAZIONE-ORIGINALE-BRESCIA | ||
| 005 | 20260206230754.0 | ||
| 008 | 260206s9999 xx 000 0 und d | ||
| 100 | |a Brite Poppy Z. | ||
| 245 | 0 | |a Cadavere squisito | |
| 260 | |a Milano | ||
| 260 | |b Frassinelli | ||
| 260 | |c 1997 | ||
| 500 | |a Strade | ||
| 942 | |2 ddc |c BK |n 0 | ||
| 952 | |0 0 |1 0 |2 ddc |4 0 |6 25 |7 0 |9 28651 |a BS |b BS |d 2026-02-06 |i 765 |l 0 |o 2-5-* |r 2026-02-06 22:40:39 |w 2026-02-06 |x [REVISIONARE] |y BK | ||
| 999 | |c 24309 |d 24309 | ||